000 00539cam a22002291 4500
001 sa 65000545
003 DLC
005 20260227112103.0
008 940602s1963 ii 000 1 beno
010 _asa 65000545
025 _aPL480:EP-B-624
035 _a(OCoLC)30538569
040 _aDLC
_cCU
_dCU
_dDLC
042 _apremarc
050 0 0 _aPK1718.R225
_bK4
100 1 _aRahman, Abdur,
_d1924-
245 1 0 _aKholā mana.
260 _c[1963]
300 _a118 p.
_c22 cm.
500 _aIn Bengali.
500 _aShort stories.
999 _c61597
_d61597